González de León : 1970/76 /
Catálogo de la exposición pictórica González de León 1970/76, presentada en la Galería Ponce de la Ciudad de México en 1976.
Furkejuvvon:
| Váldodahkki: | |
|---|---|
| Searvvušdahkki: | |
| Eará dahkkit: | |
| Materiálatiipa: | Girji |
| Giella: | espánnjágiella |
| Fáttát: | |
| Fáddágilkorat: |
Eai fáddágilkorat, Lasit vuosttaš fáddágilkora!
|
MARC
| LEADER | 00000nam^a2200000^a^4500 | ||
|---|---|---|---|
| 001 | 000188792 | ||
| 005 | 20250526000000.0 | ||
| 009 | 20260310102350.161 | ||
| 037 | |a Acervo ITESO - Biblioteca | ||
| 041 | |a ESP | ||
| 082 | |a 720. 972 |b GON CER | ||
| 100 | |a González de León, Teodoro |e (arquitecto) | ||
| 245 | 1 | 0 | |a González de León : |b 1970/76 / |c T. González de León ; curaduría de M. Cervantes Díaz Lombardo ; Galería Ponce. |
| 264 | |a México : |b Galería Ponce, |c 1976 | ||
| 300 | |a 10 v. [56 p.] ; |c 22.0 cm. | ||
| 336 | |a texto |b txt |2 rdacontenido | ||
| 337 | |a sin mediación |b n |2 rdamedio | ||
| 338 | |a volumen |b nc |2 rdasoporte | ||
| 520 | |a Catálogo de la exposición pictórica González de León 1970/76, presentada en la Galería Ponce de la Ciudad de México en 1976. | ||
| 545 | 0 | |a Teodoro González de León (Ciudad de México, 1926-2016) se formó profesionalmente en la UNAM y, becado después en Francia, tuvo la oportunidad de colaborar en el taller de Le Corbusier. Es autor de una obra que se caracteriza por la sobriedad y el uso del concreto cincelado, y un lenguaje que combina la modernidad con el clasicismo. Ha dado a la Ciudad de México edificios que ya son un símbolo de la urbe, como la Universidad Pedagógica Nacional, el Fondo de Cultura Económica, el Colegio de México y el Museo Tamayo, entre otros. Obtuvo numerosos premios, entre los cuales destacan el Premio Nacional de Ciencias y Artes (1982), el Gran Premio de la Academia Internacional de Arquitectura (1989 y 1994) y el Gran Premio de la Séptima Trienal Mundial de Arquitectura Interarch (1994). | |
| 586 | |a Premio Nacional de Ciencias y Artes, categoría Bellas Artes (33°: 1982), ex aequo: Biografías, crítica e interpretación | ||
| 649 | |a XX | ||
| 650 | |a Pintores Mexicanos - |x Exposiciones - |x Catálogos | ||
| 650 | |a Artistas Mexicanos - |x Exposiciones - |x Catálogos | ||
| 650 | |a Museos y Galerías - |z México (Ciudad) - |x Exposiciones - |x Catálogos | ||
| 650 | |a Museos y Galerías - |z México - |x Exposiciones - |x Catálogos | ||
| 650 | |a Pintura Moderna - |z México - |x Exposiciones - |x Catálogos | ||
| 650 | |a Pintura Moderna - |z México - |x Historia y Crítica | ||
| 650 | |a Pintura Mexicana - |x Exposiciones - |x Catálogos | ||
| 650 | |a Pintura Mexicana - |x Historia y Crítica | ||
| 650 | |a Arte Moderno - |z México - |x Exposiciones - |x Catálogos | ||
| 650 | |a Arte Moderno - |z México - |x Historia y Crítica | ||
| 650 | |a Arte Mexicano - |x Exposiciones - |x Catálogos | ||
| 650 | |a Arte Mexicano - |x Historia y Crítica | ||
| 650 | |a González de León, Teodoro - |x Tema Principal | ||
| 710 | |a Galería Ponce | ||
| 700 | |a Cervantes Díaz Lombardo, Miguel |e (curaduría) | ||
| 910 | |a Fondo Julio de la Peña Lomelín | ||
| 920 | |a Impresos - Libros | ||
| 930 | |a Libros Antiguos y Raros | ||
| 940 | |a Arquitectos Jaliscienses | ||
| 905 | |a 108 | ||
| 901 | |a 0500131406 |b IT2 |c LRA |u 20250526 | ||
| 901 | |a 0500131409 |b IT2 |c LRA |u 20250526 | ||
| 901 | |a 0500131412 |b IT2 |c LRA |u 20250526 | ||
| 901 | |a 0500131415 |b IT2 |c LRA |u 20250526 | ||
| 901 | |a 0500131418 |b IT2 |c LRA |u 20250526 | ||
| 901 | |a 0500131421 |b IT2 |c LRA |u 20250526 | ||
| 901 | |a 0500131424 |b IT2 |c LRA |u 20250526 | ||
| 901 | |a 0500131427 |b IT2 |c LRA |u 20250526 | ||
| 901 | |a 0500131401 |b IT2 |c LRA |u 20250526 | ||
| 901 | |a 0500131404 |b IT2 |c LRA |u 20250526 | ||
| 902 | |a https://opac.biblio.iteso.mx/vufind/Record/000188792 | ||